000 00730nam a22001577a 4500
003 OSt
005 20150930160047.0
008 150930b xxu||||| |||| 00| 0 eng d
040 _cRUA
082 _aAGR ROS 2008 B063 Or.1
100 _91624
_aROS, SAROM.
245 _aEtudes comparatives dela faune du sol dans 3 habitats differents dans la region de phnom laang a la province de kampot, ការសិក្សារប្រៀបធៀបចំនួនសត្វល្អិតក្នុងដីលក្ខខណ្ឌ៣ផ្សេងគ្នានៅតំបន់ភ្នំល្អាង ខេត្តកំពត
260 _aPhnom Penh
_bRUA
_c2008
300 _aix; 43p.
_bill.
_c29cm.
942 _2ddc
_cAGR
999 _c1535
_d1535